000
00235nam a2200085Ia 4500
245
0
_a
Web of evil
100
_a
JANCE, Judith A. Leicester, 2009 Large print ed
_9
80653
942
_c
BK
008
210817s9999 xx 000 0 und d
999
_c
283900
_d
283899